Biblioteca ESET

Ciencias naturales. (Registro nro. 84)

Detalles MARC
000 -CABECERA
fixed length control field 02203Cam#a2200397#a#4500
005 - FECHA Y HORA DE LA ULTIMA TRANSACCION
control field 20220224182302.0
008 - ELEMENTOS DE LONGITUD FIJA-INFORMACION GENERAL
fixed length control field 160226s2015||||ag ado j#f #001|0#spa#d
020 ## - NUMERO INTERNACIONAL NORMALIZADO PARA LIBROS
Número Internacional Normalizado del libro 9789500115001
040 ## - FUENTE DE CATALOGACION
Agencia de catalogación original AR-BeUNQ
Idioma de catalogación ESPAÑOL
082 04 - NUMERO DE CLASIFICACION DECIMAL DEWEYMBER
Número de clasificación 507
Número de la edición 21
245 00 - MENCION DE TITULO
Título Ciencias naturales.
Mención de responsabilidad, etc Patricia Alberico... [et al.] ; colaboración especial, Gabriel Gellon y Diego Golombek.
Número de la parte/sección de la obra (1)ES /
260 ## - PUBLICACION, DISTRIBUCION, ETC.
Lugar de publicación, distribución, etc. San Isidro :
Nombre del editor, distribuidor, etc. Estrada,
Fecha de publicación, distribución, etc c2015.
300 ## - DESCRIPCION FISICA
Extensión 287 p. :
Otros detalles físicos il., fot., tablas, gráficos ;
Dimensiones 27 cm +
Material acompañante 1 cuaderno de actividades
490 1# - MENCION DE SERIE
Mención de serie Huellas
500 ## - NOTA GENERAL
Nota general Material complementario: cuaderno de actividades "Saber hacer ciencias naturales".
500 ## - NOTA GENERAL
Nota general Índice analítico: p. 286-287.
505 0# - NOTA DE CONTENIDO
Nota de contenido con formato preestablecido La materia y sus propiedades -- Las mezclas -- El agua -- La energía -- Los intercambios de energía -- Fuerzas y movimientos -- El sistema solar en el universo -- La tierra y sus recursos -- Los seres vivos -- Los seres vivos autótrofos -- Los seres vivos heterótrofos -- Los ecosistemas -- El organismo humano -- La reproducción y el desarrollo en humanos -- La alimentación y la salud
650 #7 - ASIENTO SECUNDARIO DE MATERIA - TERMINO TEMATICO
Término temático o nombre geográfico como elemento de entrada Ciencias físicas y naturales
Fuente del encabezamiento o términ spines
650 #7 - ASIENTO SECUNDARIO DE MATERIA - TERMINO TEMATICO
Término temático o nombre geográfico como elemento de entrada Química
Fuente del encabezamiento o términ spines
650 #7 - ASIENTO SECUNDARIO DE MATERIA - TERMINO TEMATICO
Término temático o nombre geográfico como elemento de entrada Física
Fuente del encabezamiento o términ spines
650 #7 - ASIENTO SECUNDARIO DE MATERIA - TERMINO TEMATICO
Término temático o nombre geográfico como elemento de entrada Astronomía
Fuente del encabezamiento o términ spines
650 #7 - ASIENTO SECUNDARIO DE MATERIA - TERMINO TEMATICO
Término temático o nombre geográfico como elemento de entrada Biología
Fuente del encabezamiento o términ spines
650 #7 - ASIENTO SECUNDARIO DE MATERIA - TERMINO TEMATICO
Término temático o nombre geográfico como elemento de entrada Fisiología
Fuente del encabezamiento o términ spines
650 #7 - ASIENTO SECUNDARIO DE MATERIA - TERMINO TEMATICO
Término temático o nombre geográfico como elemento de entrada Enseñanza media
Fuente del encabezamiento o términ spines
650 #7 - ASIENTO SECUNDARIO DE MATERIA - TERMINO TEMATICO
Término temático o nombre geográfico como elemento de entrada Manuales
Fuente del encabezamiento o términ spines
700 1# - ASIENTO SECUNDARIO - NOMBRE DE PERSONA
Personal name Alberico, Patricia,
Relator term autora
Relationship aut
700 1# - ASIENTO SECUNDARIO - NOMBRE DE PERSONA
Personal name Gellon, Gabriel,
Relator term colaborador
Relationship oth
700 1# - ASIENTO SECUNDARIO - NOMBRE DE PERSONA
Personal name Golombek, Diego,
Relator term colaborador
Relationship oth
830 #0 - ASIENTO SECUNDARIO DE SERIE--TITULO UNIFORME
Título uniforme Huellas (Estrada).
929 ## - DATOS DE ADQUISICION
Procedencia COMPRA
Proveedor El Monje Libros
Orden de compra Compra 2015 Exp. 827-2158/15
Precio 252,00 (obra completa)
Fecha de recibido 20151229
Patrimonio UNQ PAT0062124
Número de inventario 54109
929 ## - DATOS DE ADQUISICION
Procedencia COMPRA
Proveedor El Monje Libros
Orden de compra Compra 2015 Exp. 827-2158/15
Precio 252,00 (obra completa)
Fecha de recibido 20151229
Patrimonio UNQ PAT0062125
Número de inventario 54110
929 ## - DATOS DE ADQUISICION
Procedencia COMPRA
Proveedor El Monje Libros
Orden de compra Compra 2015 Exp. 827-2158/15
Precio 252,00 (obra completa)
Fecha de recibido 20151229
Patrimonio UNQ PAT0062126
Número de inventario 54111
929 ## - DATOS DE ADQUISICION
Procedencia COMPRA
Proveedor El Monje Libros
Orden de compra Compra 2015 Exp. 827-2158/15
Precio 252,00 (obra completa)
Fecha de recibido 20151229
Patrimonio UNQ PAT0062127
Número de inventario 54112
929 ## - DATOS DE ADQUISICION
Procedencia COMPRA
Proveedor El Monje Libros
Orden de compra Compra 2015 Exp. 827-2158/15
Precio 252,00 (obra completa)
Fecha de recibido 20151229
Patrimonio UNQ PAT0062128
Número de inventario 54113
942 ## - ELEMENTOS DE PUNTO DE ACCESO ADICIONAL (KOHA)
Tipo de ítem Koha Libros
Suppress in OPAC 0
Existencias
Estado de retiro Estado de pérdida Ubicación permanente Ubicación actual Ubicación en estantería Fecha de ingreso Numeración serial Total Checkouts Signatura topográfica completa Inventario Date last seen Número de copia Tipo de ítem Koha Operador
    Biblioteca ESET - UNQ Biblioteca ESET - UNQ CIRCULACION 02/06/2016 v. 1   507 CIE 54109 02/06/2016 1 Libros CMG
    Biblioteca ESET - UNQ Biblioteca ESET - UNQ CIRCULACION 02/06/2016 v. 1   507 CIE 54110 02/06/2016 2 Libros CMG
    Biblioteca ESET - UNQ Biblioteca ESET - UNQ CIRCULACION 02/06/2016 v. 1   507 CIE 54111 02/06/2016 3 Libros CMG
    Biblioteca ESET - UNQ Biblioteca ESET - UNQ CIRCULACION 02/06/2016 v. 1   507 CIE 54112 02/06/2016 4 Libros CMG
    Biblioteca ESET - UNQ Biblioteca ESET - UNQ CIRCULACION 02/06/2016 v. 1   507 CIE 54113 02/06/2016 5 Libros CMG
    Biblioteca ESET - UNQ Biblioteca ESET - UNQ CIRCULACION 26/11/2024     507 CIE 60652 26/11/2024   Libros Gladys Alarcon

ESET UNQ

☏ 4365-7188
 Avenida República de Francia 1714 entre Doctor Kenny y Concordia, Ezpeleta, Bs As.
✉ secretaria_eset@unq.edu.ar

Con tecnología Koha